Western water made simple /

Bibliographic Details
Other Authors: Marston, Ed
Format: Book
Language:English
Published: Washington, D.C. : Island Press, [1987]
Subjects:

MARC

Tag First Indicator Second Indicator Subfields
LEADER 00000cam a2200000 a 4500
001 in00000012234
005 20151007051803.0
008 870708s1987 dcua b 00100 eng
010 |a  87017222  
020 |a 0933280394 (pbk.) :  |c $15.95 
035 |a (OCoLC)16278069 
035 |9 AAA4790AM 
040 |a DLC  |c DLC  |d OCL  |d TXA  |d UtOrBLW 
043 |a n-usp--  |a n-uss-- 
049 |a TXAM  |c [A12623251] 
050 0 0 |a TD223.6  |b .W48 1987 
070 0 |a TD223.6.W48 
082 0 |a 333.91/00978  |2 19 
245 0 0 |a Western water made simple /  |c [edited by Ed Marston]. 
264 1 |a Washington, D.C. :  |b Island Press,  |c [1987] 
264 4 |c ©1987 
300 |a xiii, 237 pages :  |b illustrations ;  |c 23 cm. 
336 |a text  |b txt  |2 rdacontent 
337 |a unmediated  |b n  |2 rdamedia 
338 |a volume  |b nc  |2 rdacarrier 
500 |a "Contains the contents of four special issues of High country news from the fall of 1986"--Pref. 
504 |a Bibliography: pages 217-220. 
500 |a Includes index. 
650 0 |a Water-supply  |z West (U.S.) 
650 0 |a Water-supply  |z Missouri River Watershed. 
650 0 |a Water-supply  |z Colorado River Watershed (Colo.-Mexico) 
650 0 |a Water-supply  |z Columbia River Watershed. 
700 1 |a Marston, Ed. 
730 0 |a High country news. 
999 |a MARS 
999 f f |s 1f1929f5-4cbc-3387-8a83-29c447127946  |i 8743cc3c-1725-3c34-bb7b-4b6461df59c6  |t 0 
952 f f |p ric  |a Texas A&M University  |b Rellis Campus  |c Joint Library Facility  |d Remote Storage  |t 0  |e TD223.6 .W48 1987  |h Library of Congress classification  |i unmediated -- volume  |m A14812623251 
998 f f |a TD223.6 .W48 1987  |t 0  |l Remote Storage